| 000 | 00709nam a22002057a 4500 | ||
|---|---|---|---|
| 999 |
_c4670 _d4670 |
||
| 003 | AR-CdUCM | ||
| 008 | 190311b ||||| |||| 00| 0 spa d | ||
| 040 |
_aMUNICIPALIDAD PROVINCIAL DEL CUSCO _cBIBLIOTECA MUNICIPAL DEL CUSCO |
||
| 082 |
_a869.56 / _bG25 |
||
| 100 |
_aGarrido Malaver, Julio _92596 |
||
| 245 | _aBarrio de pobres / | ||
| 260 |
_aLima : _bEscuela nueva, |
||
| 300 |
_a31 paginas ; _c20 cm. |
||
| 505 | _aContenido : Para todos -- El barrio -- Visión de la realidad -- Actitud de eternidad -- El niño del barrio -- La madre ... | ||
| 650 |
_aPoesía peruana _9806 |
||
| 650 |
_aPoesía latinoamericana _92147 |
||
| 650 |
_aLiteratura peruana _9169 |
||
| 942 |
_2ddc _cLIBROS |
||
| 945 | _arah | ||